00201nam a2200073Ia 4500082000800000245001700008100006100025008004100086 aVAN 0aBeyerskruin  a VAN SCHALKWYK, Nickey Pretoria, 1990 Grootdrukuitg 210817s9999 xx 000 0 und d